| 000 | 00607nam a2200169 i 4500 | ||
|---|---|---|---|
| 001 | 23205 | ||
| 003 | ES-MaACL | ||
| 005 | 20230906152831.0 | ||
| 007 | t| | ||
| 008 | 021209s1886 sp ||||1| spa d | ||
| 100 | 1 |
_aAlzola y Minondo, Benito. _921063 |
|
| 245 | 1 | 0 |
_aEstudio relativo a los recursos de que la industria nacional dispone para las construcciones y armamentos navales / _cBenito Alzola y Minondo. |
| 260 |
_aMadrid : _b[s.n., _c1886] ( _fImp. Infantería de Marina) |
||
| 300 |
_aXX, 420 p. ; _c25 cm. |
||
| 650 | 4 |
_aConstrucción naval- _zEspaña- _yS.XIX. _9153538 |
|
| 852 |
_aES-MaACL _jF-12032 |
||
| 999 |
_c23205 _d23205 |
||